=LDR 00000nam 2200000 4500 =001 INLIS000000000040280 =005 20230227105959 =035 ##$$a 0010-061300000040280 =008 230227###########################0#ind## =041 ##$$a ind =082 ##$$a 813 =090 ##$$a 813, Das p =100 ##$$a Daswani, Kavita =245 1#$$a The Village Bride of Beverly Hills : $b Pengantin Dusun di Beverly Hills /$c Kavita Daswani =260 ##$$a Jakarta :$b Gramedia Pustaka Utama,$c 2008 =300 ##$$a 336 hlm ; $c 11 cm =650 #4$$a fiksi =850 ##$$a NBPNMAT =020 ##$$a 979-22-3842-5 =084 ##$$a 813 DAS t =990 ##$$a 21112418 =990 ##$$a 0001/BPAP-NTB/20142014 =990 ##$$a 21112418 =990 ##$$a 0001/BPAP-NTB/20142014 =990 ##$$a 21112418 =990 ##$$a 21112418 =990 ##$$a 0001/BPAP-NTB/20142014